Manchester United v Liverpool XIs 2012-2017 - Statistics

General Stats
  • This quiz has been taken 266 times
  • The average score is 47 of 79
Answer Stats
Answer % Correct
David de Gea
98%
Wayne Rooney
94%
Steven Gerrard
87%
Luis Suárez
86%
Brad Jones
85%
Nemanja Vidić
85%
Rio Ferdinand
85%
Simon Mignolet
85%
Phil Jones
84%
Robin van Persie
83%
Michael Carrick
82%
Pepe Reina
82%
Jordan Henderson
81%
Patrice Evra
81%
Chris Smalling
78%
Roberto Firmino
78%
Antonio Valencia
77%
Daniel Sturridge
77%
Marcus Rashford
77%
Philippe Coutinho
76%
Dejan Lovren
75%
Martin Škrtel
75%
Sadio Mané
75%
Ryan Giggs
74%
Zlatan Ibrahimović
74%
Anthony Martial
72%
Loris Karius
72%
Paul Pogba
70%
Juan Mata
69%
Rafael da Silva
69%
Ashley Young
68%
Raheem Sterling
67%
James Milner
66%
Luke Shaw
66%
Nathaniel Clyne
66%
Glen Johnson
65%
Adam Lallana
64%
Alberto Moreno
63%
Nani
63%
Joël Matip
62%
Ander Herrera
61%
Jonny Evans
60%
Marouane Fellaini
60%
Trent Alexander-Arnold
60%
Daniel Agger
58%
Lucas Leiva
58%
Danny Welbeck
56%
Jesse Lingard
56%
Daley Blind
55%
Emre Can
55%
Marcos Rojo
55%
Mamadou Sakho
54%
Eric Bailly
53%
Georginio Wijnaldum
53%
Divock Origi
52%
Joe Gomez
52%
Christian Benteke
51%
Matteo Darmian
50%
Morgan Schneiderlin
48%
Tom Cleverley
48%
Bastian Schweinsteiger
47%
Joe Allen
46%
José Enrique
42%
Anders Lindegaard
39%
Jon Flanagan
39%
Henrikh Mkhitaryan
38%
Memphis Depay
38%
Adnan Januzaj
36%
Shinji Kagawa
36%
Stewart Downing
34%
Kolo Touré
33%
Ragnar Klavan
29%
Danny Ings
28%
Fabio Borini
27%
Jonjo Shelvey
21%
James Wilson
17%
Martin Kelly
16%
Iago Aspas
15%
Andre Wisdom
5%
No matching quizzes found
Score Distribution
Percent of People with Each Score
Percentile by Number Answered
Your Score History
You have not taken this quiz